Регионална библиотека "Любен Каравелов" - Русе

Работа с деца с агресивно поведение (Запис номер 193755)

MARC детайли
000 -Лидер
Контролно поле с фиксирана дължина 02731nam a2200469 c 4500
003 - Код на организацията, давaща контролен номер
Контролно поле BLK
005 - Дата и час на последна редакция
Контролно поле 20250710154225.0
008 - Елементи от данни с фиксирана дължина
fixed length control field 180411b bul|||||r ||||||| ||bul||
010 ## - Наследен системен номер
LC control number KNG00202977000
020 ## - Международен стандартен номер на книга ISBN
Международен стандартен номер на книга ISBN 978-619-152-993-3
040 ## - Източник на каталожния запис
Идентификатор на билиотеката - собственик на записа BLK
041 ## - Код за език
Код за езика на текст/звукозапис или на отделно заглавие Български
Код за езика КДБФ Български
080 ## - УДК
Текстов определител УДК Възпитаване на лица, трудни за възпитаване - Възпитание на ранно развити деца, на високо надарени, разглезени, принудително възпитания на младежи, подлежащи на наказание. Вж и 343.81;343.8
УДК код - определител по УДК 376.5
УДК определител .015.3
УДК - код + определител 376.5.015.3
080 ## - УДК
Текстов определител УДК Отбягване. Неприятелство. Агресия. Насилие
УДК код - определител по УДК 316.647.3
УДК определител -053.2
УДК - код + определител 316.647.3-053.2
080 ## - УДК
Текстов определител УДК Психология на детската и юношеска възраст
УДК код - определител по УДК 159.922.7/.8
УДК - код + определител 159.922.7/.8
080 ## - УДК
Текстов определител УДК Психотерапия - Психодрама, лечение по системата на йогите, колективна психотерапия, терапевтично влияние на музиката, изкуство. Медитация - психотерапевтични аспекти. Самовнушение. Вж и 616.89
УДК код - определител по УДК 615.851
УДК определител -053.2
УДК - код + определител 615.851-053.2
100 1# - Редна дума - Автор
Автор Петерман, Франц
Авторска отговорност първи автор
R(LIN) 346376
139 ## - Редно поле
Редна дума Петерман, Франц и др.
Авторски знак Пете - П 42
245 10 - Сведения за заглавието
Заглавие Работа с деца с агресивно поведение
Редно поле (дума) Франц Петерман; съавт. Улрике Петерман; прев. от нем. Мира Василева.
257 ## - Страна на издаване
Страна на създаване/издаване Германия
260 ## - Област на издателските данни
Име на издателя, разпространителя и проч. Изток-Запад
Година на издаване 2017
300 ## - Физическа характеристика
Страници 528 с.
Размери/Мащаб 22 см
380 ## - Жанр
Жанр Обществени науки
500 ## - Общи забележки
Забележка Ориг. загл. Training mit aggressiven Kindern / Franz Petermann, Ulrike Petermann.
650 #4 - Допълнително описание по предмет – тема
Основно описание – тема или топоним Агресия - при децата
9 (RLIN) 259475
650 #4 - Допълнително описание по предмет – тема
Основно описание – тема или топоним Поведение, девиантно
9 (RLIN) 279221
650 #4 - Допълнително описание по предмет – тема
Основно описание – тема или топоним Учебно-възпитателна работа
9 (RLIN) 246003
650 #4 - Допълнително описание по предмет – тема
Основно описание – тема или топоним Детска и педагогическа психология
9 (RLIN) 244538
653 ## - Ключова дума – ненормативна
Ключова дума агресия
653 ## - Ключова дума – ненормативна
Ключова дума девиантно поведение
653 ## - Ключова дума – ненормативна
Ключова дума психотерапия
659 ## - Тематичен бюлетин
Тематичен бюлетин Н
700 1# - Други автори (авторска отговорност)
Лично име Петерман, Улрике
Автороска отговорност (Описва отношението между автора и произведението) съавт.
9 (RLIN) 346377
700 1# - Други автори (авторска отговорност)
Лично име Василева, Мира
Автороска отговорност (Описва отношението между автора и произведението) прев. от нем.
9 (RLIN) 385231
852 ## - Местоположение
Форматна сигнатура Цб 284587
856 4# - Електронен адрес и достъп
Електронен формат pdf - файл
Инструкция (цена за достъп) 0.00
Права за достъп disable
856 4# - Електронен адрес и достъп
Електронен формат pdf - файл
Инструкция (цена за достъп) 0.00
Права за достъп disable
999 ## - СИСТЕМНИ КОНТРОЛНИ НОМЕРА
Koha biblionumber 193755
Koha biblioitemnumber 193755
942 ## - АРТИКУЛИ
Вид на библиотечния материал Книги
Скрит в OPAC Не
Koha issues (borrowed), all copies 19
Периодичен библиозапис Да
944 ## - СЪЗДАВАНЕ И РЕДАКЦИЯ на ЗАПИСА
Създаване/Редакция Създаване
Дата на регистрацията/редакция 14.03.2017
Статус, дата на статуса Теодора Пейчева-Дянкова
Служител, извършил регистрацията/редакцията 30556
944 ## - СЪЗДАВАНЕ И РЕДАКЦИЯ на ЗАПИСА
Създаване/Редакция Редакция
Дата на регистрацията/редакция 16.01.2018
Статус, дата на статуса ф /
Служител, извършил регистрацията/редакцията Людмила_Стоянова
999 ## - СИСТЕМНИ КОНТРОЛНИ НОМЕРА
Koha biblioitemnumber 193755
Наличности
Код за отписване Код за изгубен артикул Код за повреда Коз за рестрикции Код за отдаване Артикулен № Име на библиотеката - собственик Име на библиотеката, в която се намира в момента Статус (Текущо местоположение) Дата на вписване в системата Местоположение - отдел Цена в лева Инвентарен номер Систематично азбучна сигнатура Баркод Номер на екземпляра Цена в евро Служебна бележка Служебен тип на артикула Източник на класификационната схема
  Не е изгубен Не е повреден без рестрикции заемане за дома 339172 Регионална библиотека "Любен Каравелов" Русе Регионална библиотека "Любен Каравелов" Русе Заемна - подръчен фонд 2017-03-15 Заемна - подръчен фонд 20.00 120000808869 П 376/П 42 120000808869 1 10.23 Дост: Pk Вид: Ф N: 1609 Дата: 03.03.2017 Дата инв: 08.02.2018 Бележки инв: П2018 Книги  
  Не е изгубен Не е повреден без рестрикции заемане за дома 339173 Регионална библиотека "Любен Каравелов" Русе Регионална библиотека "Любен Каравелов" Русе Заемна - подръчен фонд 2017-05-26 Заемна - подръчен фонд 25.00 120000811321 П 376/П 42 120000811321 2 12.78 Дост: Pk Вид: Ф N: 490 Дата: 26.05.2017 Дата инв: 07.02.2018 Бележки инв: П2018 Книги  
  Не е изгубен Не е повреден без рестрикции ползва се в читалня 339174 Регионална библиотека "Любен Каравелов" Русе Регионална библиотека "Любен Каравелов" Русе Хранилище 2017-10-28 Хранилище 25.00 120000816407 Цб 284587 120000816407 3 12.78 Дост: Dp Вид: Д N: 39 Дата: 25.08.2017 Книги  
  Не е изгубен Не е повреден без рестрикции заемане за дома 929019 Регионална библиотека "Любен Каравелов" Русе Регионална библиотека "Любен Каравелов" Русе Заемна - подръчен фонд 2023-05-23 Заемна - подръчен фонд 18.75 120000888209 376/П 42 Ф 120000888209   9.59   Книги Universal Decimal Classification
  Не е изгубен Не е повреден без рестрикции заемане за дома 929020 Регионална библиотека "Любен Каравелов" Русе Регионална библиотека "Любен Каравелов" Русе Заемна - подръчен фонд 2023-05-23 Заемна - подръчен фонд 18.75 120000888208 376/П 42 Ф 120000888208   9.59   Книги Universal Decimal Classification
Vip Innovations Ltd, Rousse, Bulgaria 2025